000 00546nam a2200193Ia 4500
005 20250508151101.0
008 008 250505s9999 xx 000 0 eng d
037 _aTextual
040 _aFEDL
_beng
_cFEDL
041 _aeng
_2eng
084 _a121.8, KEC
_qFEDL
100 _aKecskemeti Paul
_9499706
245 0 _aMeaning, communication and value
260 _aChicago, USA
_bThe University of Chicago Press
_c1952
300 _aviii,349p
650 _aPhilosophy
942 _cTEXL
_h121.8, KEC
999 _c1327488
_d1327488